Modern intellectual readings of the Kharijites / (Record no. 82404)
[ view plain ]
| 000 -LEADER | |
|---|---|
| fixed length control field | 01189nam a2200289 a 4500 |
| 001 - CONTROL NUMBER | |
| control field | 82404 |
| 003 - CONTROL NUMBER IDENTIFIER | |
| rucl marc code | BD-RjUL |
| 005 - DATE AND TIME OF LATEST TRANSACTION | |
| control field | 20231206112718.0 |
| 008 - FIXED-LENGTH DATA ELEMENTS--GENERAL INFORMATION | |
| fixed length control field | 231205s2008 nyu ||1 | eng u |
| 020 ## - INTERNATIONAL STANDARD BOOK NUMBER | |
| International Standard Book Number | 9780820497013 |
| 035 ## - SYSTEM CONTROL NUMBER | |
| System control number | (BD-RjUL)82404 |
| 040 ## - CATALOGING SOURCE | |
| Original cataloging agency | HUJI |
| Language of cataloging | eng |
| Transcribing agency | BD-RjUL |
| 041 0# - LANGUAGE CODE | |
| Language code of text/sound track or separate title | eng |
| 082 ## - DEWEY DECIMAL CLASSIFICATION NUMBER | |
| Edition number | 23 |
| Classification number | 297.83 |
| Author mark and year | TIM 2008 |
| 100 1# - MAIN ENTRY--PERSONAL NAME | |
| Personal name | Timani, Hussam S. |
| 9 (RLIN) | 10345 |
| 245 10 - TITLE STATEMENT | |
| Title | Modern intellectual readings of the Kharijites / |
| Statement of responsibility, etc. | Hussam S. Timani. |
| 260 ## - PUBLICATION, DISTRIBUTION, ETC. (IMPRINT) | |
| Place of publication, distribution, etc. | New York : |
| Name of publisher, distributor, etc. | Peter Lang, |
| Date of publication, distribution, etc. | ©2008. |
| 300 ## - PHYSICAL DESCRIPTION | |
| Pagination | 144 pages ; |
| Size | 24 cm. |
| 490 1# - SERIES STATEMENT | |
| Series statement | American university studies. Series VII, Theology and religion ; |
| Volume/sequential designation | v. 262 |
| 504 ## - BIBLIOGRAPHY, ETC. NOTE | |
| Bibliography, etc | Includes bibliographical references (p. [137]-141) and index. |
| 505 0# - FORMATTED CONTENTS NOTE | |
| Formatted contents note | Introduction -- The Kharijites in history -- The Kharijites in modern Arab historiography -- The Kharijites in western literature -- Modern Muslim intellectuals and their Kharijites -- The Kharijites and their contemporary relevance -- Conclusion. |
| 650 #4 - SUBJECT ADDED ENTRY--TOPICAL TERM | |
| Topical term or geographic name as entry element | Kharijites |
| General subdivision | History |
| 9 (RLIN) | 10346 |
| Topical term or geographic name as entry element | Islamic sects |
| General subdivision | History. |
| 9 (RLIN) | 10347 |
| 830 #0 - SERIES ADDED ENTRY--UNIFORM TITLE | |
| Uniform title | American university studies. |
| Volume number/sequential designation | v. 262. |
| 942 ## - ADDED ENTRY ELEMENTS (KOHA) | |
| Source of classification or shelving scheme | Dewey Decimal Classification |
| Koha item type | Books |
| Lost status | Source of classification or shelving scheme | Damaged status | Not for loan | Collection code | Permanent Location | Current Location | Shelving location | Date acquired | Source of acquisition | Cost, normal purchase price | Total Checkouts | Full call number | Date last seen | Copy number | Koha item type |
|---|---|---|---|---|---|---|---|---|---|---|---|---|---|---|---|
| Dewey Decimal Classification | Not For Loan | Non-fiction | Central Library, University of Rajshahi | Central Library, University of Rajshahi | Reading Room | 30/10/2023 | Dhaka : BM Book | 10345.00 | 297.83 TIM 2008 | 05/12/2023 | C-1 | Books | |||
| Dewey Decimal Classification | Non-fiction | Central Library, University of Rajshahi | Central Library, University of Rajshahi | General Stacks | 30/10/2023 | Dhaka : BM Book | 10345.00 | 297.83 TIM 2008 | 05/12/2023 | C-2 | Books | ||||
| Dewey Decimal Classification | Non-fiction | Central Library, University of Rajshahi | Central Library, University of Rajshahi | General Stacks | 30/10/2023 | Dhaka : BM Book | 10345.00 | 297.83 TIM 2008 | 06/12/2023 | C-3 | Books |